Stolice państw z dwuczłonową nazwą - Statystyki

Ogólne statystyki
  • Ten quiz został rozwiązany 408 razy
  • Średni wynik to 7 z 19
Statystyki odpowiedzi
Kontynent Odpowiedź % Poprawnych
Ameryka południowa Buenos Aires (Argentyna)
67%
Europa San Marino (San Marino)
64%
Azja Ułan Bator (Mongolia)
55%
Ameryka południowa La Paz (Boliwia)
50%
Azja Nowe Delhi (Indie)
49%
Azja Kuala Lumpur (Malezja)
46%
Ameryka północna San José (Kostaryka)
41%
Afryka Addis Abeba (Etiopia)
38%
Ameryka północna Santo Domingo (Dominikana)
37%
Azja Abu Zabi (Zjednoczone Emiraty Arabskie)
34%
Oceania Port Moresby (Papua-Nowa Gwinea)
29%
Azja Phnom Penh (Kambodża)
26%
Afryka Porto-Novo (Benin)
26%
Ameryka północna Saint John’s (Antigua i Barbuda)
24%
Ameryka północna San Salvador (Salwador)
24%
Afryka São Tomé (Wyspy Świętego Tomasza i Książęca)
23%
Afryka Port Louis (Mauritius)
21%
Oceania Port Vila (Vanuatu)
21%
Ameryka północna Saint George’s (Grenada)
20%
Nie znaleziono quizów pasujących do podanych kryteriów
Rozkład punktacji
Procent ludzi z każdym wynikiem
Percentyl według liczby udzielonych odpowiedzi
Twoja historia wyników
Nie rozwiązałeś tego quizu